Normale Ansicht MARC-Ansicht

Eintrag Personenname

Verwendet in 2 Titel(n)

001 - Kontrollnummer

  • Kontrollfeld: 68945

003 - Kontrollnummer Identifier

  • Kontrollfeld:

005 - Datum und Zeit der letzten Transaktion

  • Kontrollfeld: 20260324141149.0

008 - Datenelemente mit fester Länge

  • Kontrollfeld mit fester Länge: 260324|| aca||aabn | a|a d

040 ## - Katalogisierungsquelle

  • Original-Katalogisierungsstelle:
  • Übertragungsstelle:

100 ## - Ansetzung - Personenname

  • Personenname: č̕xikvaże, nestan

670 ## - Datenquelle

  • Quellenangabe: Work cat.: ()73992: edt č̕xikvaże, nestan, Żveli aḡt̕k̕mis miniaturebi k̕art̕ul xelnacerebši XI-XVIII saukuneebi